[Event "GER-ch U25-A"]
[Site "Willingen"]
[Date "2023.05.31"]
[Round "5"]
[White "Longo, Massimo"]
[Black "Gluma, Christian"]
[Result "0-1"]
[WhiteElo "1890"]
[BlackElo "2161"]
[PlyCount "76"]
[EventDate "2023.05.27"]
[EventType "swiss"]
[EventRounds "9"]
[EventCountry "GER"]
[SourceTitle "CBM 214 Extra"]
[Source "ChessBase"]
[SourceDate "2023.07.31"]
[SourceVersion "1"]
[SourceVersionDate "2023.07.31"]
[SourceQuality "1"]

1. d4 d6 2. Nc3 g6 3. e4 Nf6 4. Be3 a6 5. Be2 Bg7 6. f4 0-0 7. h3 b5 8. e5 Nfd7 9. Bf3 c6 10. Nge2 Qc7 11. 0-0 Bb7 12. Ne4 Nb6 13. b3 N8d7 14. Rc1 Rac8 15. c4 bxc4 16. bxc4 c5 17. exd6 exd6 18. d5 Rfe8 19. Qd3 Re7 20. Bf2 a5 21. Bh4 Ree8 22. Nd2 Ba6 23. Nc3 Re3 24. Qxe3 Bd4 25. Nd1 Re8 26. Bf2 Bxe3 27. Nxe3 Nf6 28. Kh2 Nc8 29. g4 Ne7 30. h4 Bc8 31. Rb1 h5 32. gxh5 Nf5 33. Ng4 Nxg4+ 34. Bxg4 Ne3 35. Bxe3 Bxg4 36. Rb3 Qe7 37. Kg3 gxh5 38. Rfb1 Qxe3+ 0-1

[Event "Bayernliga U20 1718"]
[Site "Bayern"]
[Date "2017.12.02"]
[Round "2.4"]
[White "Longo, Massimo"]
[Black "Brueckner, Alexander"]
[Result "1/2-1/2"]
[WhiteElo "1941"]
[BlackElo "1800"]
[PlyCount "76"]
[EventDate "2017.11.18"]
[EventType "team-tourn"]
[EventRounds "7"]
[EventCountry "GER"]
[SourceTitle "EXT 2022"]
[Source "ChessBase"]
[SourceDate "2021.10.06"]
[SourceVersion "1"]
[SourceVersionDate "2021.10.06"]
[SourceQuality "1"]
[WhiteTeam "Graefelfing SK U20"]
[BlackTeam "Augsburg SF U20"]
[WhiteTeamCountry "GER"]
[BlackTeamCountry "GER"]

1. d4 d5 2. Nf3 Nf6 3. e3 e6 4. Bd3 Be7 5. Nbd2 0-0 6. 0-0 b6 7. b3 Bb7 8. Bb2 Nbd7 9. c4 c5 10. Qc2 Rc8 11. Ne5 cxd4 12. exd4 Qc7 13. Rac1 h6 14. h3 Nh5 15. Ndf3 Nxe5 16. Nxe5 Nf4 17. f3 Nxd3 18. Qxd3 Ba6 19. Qe3 dxc4 20. bxc4 Bd6 21. Ba3 Bxe5 22. dxe5 Rfd8 23. Bd6 Qc6 24. Rf2 Bxc4 25. Rfc2 Qa4 26. Qe4 b5 27. Qb7 Qa5 28. Kh2 Re8 29. h4 h5 30. Kh3 Red8 31. g4 hxg4+ 32. fxg4 Bd5 33. Qe7 Rxc2 34. Rxc2 Bc4 35. Rf2 Qc3+ 36. Kh2 Rc8 37. Qxf7+ Kh8 38. Qh5+ Kg8 1/2-1/2

[Event "Bayernliga U20 1718"]
[Site "Bayern"]
[Date "2017.11.18"]
[Round "1.3"]
[White "Longo, Massimo"]
[Black "Costa, Leonardo"]
[Result "1-0"]
[WhiteElo "1941"]
[BlackElo "1811"]
[PlyCount "53"]
[EventDate "2017.11.18"]
[EventType "team-tourn"]
[EventRounds "7"]
[EventCountry "GER"]
[SourceTitle "EXT 2022"]
[Source "ChessBase"]
[SourceDate "2021.10.06"]
[SourceVersion "1"]
[SourceVersionDate "2021.10.06"]
[SourceQuality "1"]
[WhiteTeam "Graefelfing SK U20"]
[BlackTeam "Muenchen Suedost U20"]
[WhiteTeamCountry "GER"]
[BlackTeamCountry "GER"]

1. d4 Nf6 2. Nf3 g6 3. Bg5 Bg7 4. Nbd2 0-0 5. c3 d6 6. Qc2 h6 7. Bh4 c5 8. dxc5 dxc5 9. 0-0-0 Qa5 10. a3 Be6 11. e4 b5 12. c4 a6 13. e5 Ng4 14. Bxe7 Nxf2 15. Nb3 Qc7 16. Bd6 Qc6 17. Qxf2 Rc8 18. Nxc5 Bxc4 19. Bxc4 bxc4 20. Nd4 Qb6 21. Na4 Qa5 22. Nc3 Bxe5 23. Bxe5 Qxe5 24. Rhf1 Qe7 25. Qf4 Nd7 26. Rfe1 Qf8 27. Nd5 1-0

[Event "GER-chT U16"]
[Site "Neumarkt in der Oberpfalz"]
[Date "2016.12.29"]
[Round "6.3"]
[White "Walow, Xenia"]
[Black "Longo, Massimo"]
[Result "0-1"]
[WhiteElo "1709"]
[BlackElo "1906"]
[PlyCount "94"]
[EventDate "2016.12.27"]
[EventType "team-swiss"]
[EventRounds "7"]
[EventCountry "GER"]
[SourceTitle "EXT 2018"]
[Source "ChessBase"]
[SourceDate "2017.10.13"]
[SourceVersion "1"]
[SourceVersionDate "2017.10.13"]
[SourceQuality "1"]
[WhiteTeam "Paderborn Blauer Springer"]
[BlackTeam "Graefelfing"]
[WhiteTeamCountry "GER"]
[BlackTeamCountry "GER"]

1. f4 d6 2. Nf3 Nf6 3. g3 b6 4. Bg2 Bb7 5. 0-0 Nbd7 6. d3 e5 7. e4 Be7 8. Nc3 c5 9. Qe2 Qc7 10. a3 h5 11. Bd2 0-0-0 12. a4 a6 13. Na2 h4 14. Nxh4 Nh5 15. fxe5 Nxe5 16. Nf3 Bf6 17. Bc3 Kb8 18. Nxe5 dxe5 19. Bf3 Nxg3 20. hxg3 Rh3 21. Qg2 Bc8 22. Bd2 c4 23. Nb4 Qc5+ 24. Rf2 Rdh8 25. Kf1 a5 26. d4 exd4 27. Bf4+ Ka7 28. Nd5 Bg4 29. Ke2 d3+ 30. cxd3 cxd3+ 31. Kxd3 Qd4+ 32. Ke2 Qc4+ 33. Kd2 Rh2 34. Qxh2 Rxh2 35. Rxh2 Qd4+ 36. Ke2 Qxb2+ 37. Bd2 Bxf3+ 38. Kxf3 Qxa1 39. Be3 Bd4 40. Bxd4 Qxd4 41. Ra2 f5 42. Nf4 Qxe4+ 43. Kf2 g5 44. Ne2 Qc4 45. Rd2 Qxa4 46. Rd4 Qc2 47. Ke3 a4 0-1

[Event "GER-chT U16"]
[Site "Neumarkt in der Oberpfalz"]
[Date "2016.12.28"]
[Round "4.3"]
[White "Roseneck, Jonas"]
[Black "Longo, Massimo"]
[Result "1-0"]
[WhiteElo "2070"]
[BlackElo "1906"]
[PlyCount "51"]
[EventDate "2016.12.27"]
[EventType "team-swiss"]
[EventRounds "7"]
[EventCountry "GER"]
[SourceTitle "EXT 2018"]
[Source "ChessBase"]
[SourceDate "2017.10.13"]
[SourceVersion "1"]
[SourceVersionDate "2017.10.13"]
[SourceQuality "1"]
[WhiteTeam "Magdeburg Aufbau Elbe"]
[BlackTeam "Graefelfing"]
[WhiteTeamCountry "GER"]
[BlackTeamCountry "GER"]

1. e4 e6 2. d4 d5 3. Nc3 Nf6 4. e5 Nfd7 5. f4 c5 6. Nf3 Nc6 7. Be3 a6 8. Qd2 Be7 9. Nd1 c4 10. Be2 0-0 11. 0-0 b5 12. c3 Nb6 13. Kh1 f6 14. exf6 gxf6 15. f5 e5 16. dxe5 fxe5 17. Bxb6 Qxb6 18. Qxd5+ Kg7 19. Nxe5 Bb7 20. Nd7 Qd8 21. Qe6 Bc8 22. Nxf8 Qc7 23. f6+ Kh8 24. Qf7 Bd6 25. Qe8 Bb7 26. Ng6# 1-0

[Event "GER-ch U12"]
[Site "Willingen"]
[Date "2015.05.30"]
[Round "11"]
[White "Longo, Massimo"]
[Black "Kopylov, Daniel"]
[Result "1/2-1/2"]
[WhiteElo "1628"]
[BlackElo "1970"]
[PlyCount "117"]
[EventDate "2015.05.24"]
[EventType "swiss"]
[EventRounds "11"]
[EventCountry "GER"]
[SourceTitle "CBM 166 Extra"]
[Source "ChessBase"]
[SourceDate "2015.06.18"]
[SourceVersion "1"]
[SourceVersionDate "2015.06.18"]
[SourceQuality "1"]

1. d4 d5 2. c4 e5 3. dxe5 d4 4. Nf3 Nc6 5. Nbd2 Nge7 6. Nb3 Nf5 7. a3 Be6 8. e4 dxe3 9. Qxd8+ Rxd8 10. Bxe3 Nxe3 11. fxe3 g6 12. Nbd4 Bg7 13. Nxc6 bxc6 14. Be2 0-0 15. 0-0 Bg4 16. Rad1 c5 17. Rd5 Rxd5 18. cxd5 Rb8 19. Rc1 Rxb2 20. Kf2 Bxf3 21. gxf3 Bxe5 22. Rxc5 Bd6 23. Ra5 Rb7 24. h3 Kg7 25. f4 h6 26. h4 h5 27. Bb5 Be7 28. Kg3 f5 29. a4 Bc5 30. Bc6 Bb4 31. Ra6 Be1+ 32. Kf3 Rb2 33. Rxa7 Bxh4 34. Rxc7+ Kh6 35. e4 Bd8 36. Rc8 Bb6 37. exf5 gxf5 38. Rh8+ Kg6 39. Be8+ Kf6 40. Rxh5 Rb3+ 41. Kg2 Rb2+ 42. Kf1 Rf2+ 43. Ke1 Rxf4 44. Rh6+ Ke7 45. Re6+ Kd8 46. Rxb6 Kxe8 47. a5 Ra4 48. a6 Kd7 49. Kf2 Ra3 50. Rf6 Kc7 51. Rc6+ Kd7 52. Rh6 Kc7 53. Rg6 f4 54. Rh6 f3 55. Rg6 Ra5 56. Rc6+ Kd7 57. Kxf3 Rxd5 58. Rh6 Ra5 59. Ke4 1/2-1/2

[Event "GER-ch U12"]
[Site "Willingen"]
[Date "2015.05.29"]
[Round "9"]
[White "Longo, Massimo"]
[Black "Nguyen, Alex Dac Vuong"]
[Result "1/2-1/2"]
[WhiteElo "1628"]
[BlackElo "1800"]
[PlyCount "101"]
[EventDate "2015.05.24"]
[EventType "swiss"]
[EventRounds "11"]
[EventCountry "GER"]
[SourceTitle "CBM 166 Extra"]
[Source "ChessBase"]
[SourceDate "2015.06.18"]
[SourceVersion "1"]
[SourceVersionDate "2015.06.18"]
[SourceQuality "1"]

1. d4 Nf6 2. Nf3 g6 3. c4 Bg7 4. b4 0-0 5. Bb2 d6 6. e3 c5 7. bxc5 dxc5 8. Be2 e6 9. 0-0 Nc6 10. Ba3 Nd7 11. Nc3 Qa5 12. Qb3 Rd8 13. Rfd1 cxd4 14. exd4 a6 15. Bb2 Qb4 16. Ne4 Nf6 17. Nc5 b6 18. Bc3 Qxb3 19. Nxb3 Ne4 20. Bb2 Bb7 21. Ne1 Rac8 22. f3 Nf6 23. a4 a5 24. Nc2 Rc7 25. Na3 Rcd7 26. Nb5 Ne8 27. Kf2 Nd6 28. Nxd6 Rxd6 29. Ke3 Nb4 30. Rac1 Bh6+ 31. f4 Bxg2 32. h4 f5 33. Ba3 Bc6 34. Bxb4 axb4 35. Ra1 Be4 36. Bd3 Bxd3 37. Rxd3 Bg7 38. Rad1 Kf7 39. c5 bxc5 40. Nxc5 Ra8 41. Rb1 Rd5 42. Rxb4 Bxd4+ 43. Rdxd4 Rxc5 44. Rb7+ Ke8 45. Rxh7 Rc3+ 46. Kd2 Rac8 47. Rdd7 Rc2+ 48. Kd3 R2c3+ 49. Kd4 R8c5 50. Rhe7+ Kf8 51. Rf7+ 1/2-1/2

[Event "GER-ch U12"]
[Site "Willingen"]
[Date "2015.05.25"]
[Round "4"]
[White "Kublanov, Elizabeth"]
[Black "Longo, Massimo"]
[Result "1/2-1/2"]
[WhiteElo "1518"]
[BlackElo "1628"]
[PlyCount "66"]
[EventDate "2015.05.24"]
[EventType "swiss"]
[EventRounds "11"]
[EventCountry "GER"]
[SourceTitle "CBM 166 Extra"]
[Source "ChessBase"]
[SourceDate "2015.06.18"]
[SourceVersion "1"]
[SourceVersionDate "2015.06.18"]
[SourceQuality "1"]

1. d4 d6 2. e4 Nf6 3. Nc3 e5 4. Nge2 Nc6 5. f3 Be7 6. Be3 a6 7. Qd2 b6 8. 0-0-0 b5 9. dxe5 Nxe5 10. Nd5 Nc4 11. Qc3 Nxd5 12. exd5 Nxe3 13. Qxe3 0-0 14. Kb1 Bf6 15. g4 Re8 16. Qd3 Bd7 17. Ng3 Bh4 18. Nf5 Bxf5 19. Qxf5 Re5 20. Qf4 Qe7 21. Bd3 Rb8 22. Qd4 Bf6 23. Qf4 g6 24. Be4 b4 25. Qd2 a5 26. Rhe1 a4 27. Qd3 Qd7 28. f4 Ree8 29. g5 Bh8 30. Re2 b3 31. cxb3 axb3 32. a3 Qa4 33. h4 Re7 1/2-1/2

[Event "GER-ch U12"]
[Site "Willingen"]
[Date "2015.05.24"]
[Round "2"]
[White "Longo, Massimo"]
[Black "Nguyen, Vanessa"]
[Result "1-0"]
[WhiteElo "1628"]
[BlackElo "923"]
[PlyCount "43"]
[EventDate "2015.05.24"]
[EventType "swiss"]
[EventRounds "11"]
[EventCountry "GER"]
[SourceTitle "CBM 166 Extra"]
[Source "ChessBase"]
[SourceDate "2015.06.18"]
[SourceVersion "1"]
[SourceVersionDate "2015.06.18"]
[SourceQuality "1"]

1. d4 d5 2. c4 e6 3. Nc3 Nf6 4. Bg5 Be7 5. e3 b6 6. Nf3 Nbd7 7. Bd3 c5 8. cxd5 exd5 9. 0-0 h6 10. Bf4 Bb7 11. Nb5 Ne4 12. Nc7+ Kf8 13. Nxa8 Qxa8 14. b3 Ndf6 15. Ne5 Qc8 16. Rc1 Qe6 17. Qc2 g5 18. Bg3 Kg7 19. f3 Nxg3 20. hxg3 Rc8 21. Bf5 Qd6 22. Bxc8 1-0